Educational training of slow learners / (Record no. 19293)

MARC details
000 -LEADER
fixed length control field 00770nam a22002177a 4500
008 - FIXED-LENGTH DATA ELEMENTS--GENERAL INFORMATION
fixed length control field 081128t xxu||||| |||| 00| 0 eng d
010 ## - LCCN (DPL NO)
LC control number ENG-91909
020 ## - INTERNATIONAL STANDARD BOOK NUMBER
International Standard Book Number 9788171324156
Terms of availability 575.00
020 ## - INTERNATIONAL STANDARD BOOK NUMBER
International Standard Book Number 8171324150
Terms of availability 575.00
035 ## - SYSTEM CONTROL NUMBER
System control number EN-75442
037 ## - SOURCE OF ACQUISITION
Source of stock number/acquisition DBAD / PUB
040 ## - CATALOGING SOURCE
Original cataloging agency dpl
Language of cataloging English
082 ## - DEWEY DECIMAL CLASSIFICATION NUMBER
Classification number 371.926
100 ## - MAIN ENTRY--PERSONAL NAME
Personal name Prasad, S.B.
245 ## - TITLE STATEMENT
Title Educational training of slow learners /
Statement of responsibility, etc by S.B. Prasad
260 ## - PUBLICATION, DISTRIBUTION, ETC. (IMPRINT)
Place of publication, distribution, etc Jaipur
Name of publisher, distributor, etc Pointer Publishers
Date of publication, distribution, etc 2005
300 ## - PHYSICAL DESCRIPTION
Extent vi, 224p.
Dimensions 22cm (Hb)
650 ## - SUBJECT ADDED ENTRY--TOPICAL TERM
Topical term or geographic name as entry element Slow learning children.
942 ## - ADDED ENTRY ELEMENTS (KOHA)
Source of classification or shelving scheme Dewey Decimal Classification
Item type English Books
Call number suffix PRA
Classification part 371.926
Holdings
Withdrawn status Lost status Source of classification or shelving scheme Damaged status Not for loan Home library Current library Date acquired Source of acquisition Cost, normal purchase price Total Checkouts Full call number Barcode Date last seen Cost, replacement price Koha item type
    Dewey Decimal Classification   Not For Loan D.B.Act.Division D.B.Act.Division 02/02/2009 DBAD / PUB 575.00   371.926 PRA EN-75442 02/02/2009 575.00 English Books

© Delhi Public Library
Hit Counter
free hit counter